| 000 | 00354nam a22001337a 4500 | ||
|---|---|---|---|
| 041 | _aENG | ||
| 100 | _aPaul. A.R | ||
| 245 | _aMechanical Sciences Engineering Mechanics And Strength Of Materials | ||
| 260 |
_aDelhi _bPrentice ,Hall Of India Private Lim _c2006 |
||
| 300 | _a578 | ||
| 650 | _aFS | ||
| 700 | _aRoy .P , Mukherjee.S | ||
| 856 | _uFS ( 36 ) | ||
| 999 |
_c858 _d858 |
||